El Dios pródigo : el redescubrimiento de la esencia de la fe cristiana /

Bibliographic Details
Main Author: Keller, Timothy, 1950- (Author)
Other Authors: Cook, Ruth (Translator)
Format: Electronic eBook
Language:Spanish
English
Published: Barcelona : Andamio, [2015]
Series:Serie Timothy Keller.
Subjects:
Online Access:Digitalia Hispánica

MARC

LEADER 00000nam a2200000Ii 4500
001 DIGULZM0045
003 NyNyDIG
006 m o d
007 cr |||||||||||
008 240108s2015 sp ob 000 0 spa d
035 |a (OCoLC)1417821121 
040 |a DGITA  |b eng  |e rda  |e pn  |c DGITA 
020 |a 9788494408106  |q eBook 
020 |z 9788494377747 
041 1 |a spa  |h eng 
050 1 4 |a BT378.P8 ebook 
082 0 4 |a 226.806  |2 23 
100 1 |a Keller, Timothy,  |d 1950-  |e author. 
240 1 0 |a Prodigal God.  |l Spanish  |s (Cook) 
245 1 3 |a El Dios pródigo :  |b el redescubrimiento de la esencia de la fe cristiana /  |c Timothy Keller ; [traducción, Ruth Cook]. 
264 1 |a Barcelona :  |b Andamio,  |c [2015] 
300 |a 1 online resource. 
336 |a text  |b txt  |2 rdacontent 
337 |a computer  |b c  |2 rdamedia 
338 |a online resource  |b cr  |2 rdacarrier 
347 |a text file  |2 rdaft 
347 |b EPUB 
490 1 |a Serie Timothy Keller 
504 |a Includes bibliographical references. 
588 0 |a Online resource; title from ePub title page (Digitalia, viewed January 8, 2024) 
650 0 |a Prodigal son (Parable) 
650 0 |a Christianity. 
700 1 |a Cook, Ruth,  |e translator. 
700 1 |i Translation of:  |a Keller, Timothy,  |d 1950-  |t Prodigal God. 
791 2 |a Digitalia (Firm),  |e distributor. 
793 0 |g Digitalia eBook Collection:  |a Ulzama 
776 0 8 |i Print version:  |a Keller, Timothy, 1950-  |s Prodigal God. Spanish (Cook).  |t Dios pródigo.  |d Barcelona : Andamio, [2015]  |z 9788494377747 
830 0 |a Serie Timothy Keller. 
856 4 0 |3 Digitalia Hispánica  |u https://www.digitaliapublishing.com/a/88752/ 
910 |a Premium collection: 2024